<?xml version="1.0" encoding="UTF-8"?>
<record
    xmlns:xsi="http://www.w3.org/2001/XMLSchema-instance"
    xsi:schemaLocation="http://www.loc.gov/MARC21/slim http://www.loc.gov/standards/marcxml/schema/MARC21slim.xsd"
    xmlns="http://www.loc.gov/MARC21/slim">

  <leader>01923cam a22003015a 4500</leader>
  <controlfield tag="001">10279235</controlfield>
  <controlfield tag="005">20160908135854.0</controlfield>
  <controlfield tag="008">121023t2013    ilua   frb    001 0 eng d</controlfield>
  <datafield tag="020" ind1=" " ind2=" ">
    <subfield code="a">9780867155860</subfield>
  </datafield>
  <datafield tag="020" ind1=" " ind2=" ">
    <subfield code="a">0867155868</subfield>
  </datafield>
  <datafield tag="035" ind1=" " ind2=" ">
    <subfield code="a">(OCoLC)814440868</subfield>
  </datafield>
  <datafield tag="040" ind1=" " ind2=" ">
    <subfield code="a">DNLM/DLC</subfield>
    <subfield code="b">eng</subfield>
    <subfield code="c">DLC</subfield>
    <subfield code="d">NLM</subfield>
    <subfield code="d">YDXCP</subfield>
    <subfield code="d">BTCTA</subfield>
    <subfield code="d">PAU</subfield>
    <subfield code="d">OCLCO</subfield>
    <subfield code="d">EG-ScBUE</subfield>
  </datafield>
  <datafield tag="082" ind1="0" ind2="4">
    <subfield code="a">617.522</subfield>
    <subfield code="2">22</subfield>
    <subfield code="b">TRE</subfield>
  </datafield>
  <datafield tag="245" ind1="0" ind2="0">
    <subfield code="a">Treatment of TMDs :</subfield>
    <subfield code="b">bridging the gap between advances in research and clinical patient management /</subfield>
    <subfield code="c">edited by Charles S. Greene and Daniel M. Laskin.</subfield>
  </datafield>
  <datafield tag="246" ind1="1" ind2=" ">
    <subfield code="a">Treatment of temporomandibular disorders</subfield>
  </datafield>
  <datafield tag="260" ind1=" " ind2=" ">
    <subfield code="a">Hanover Park :</subfield>
    <subfield code="b">Quintessence Publishing,</subfield>
    <subfield code="c">c.2013.</subfield>
  </datafield>
  <datafield tag="300" ind1=" " ind2=" ">
    <subfield code="a">xii, 204 p.  :</subfield>
    <subfield code="b">ill. (some col.) ;</subfield>
    <subfield code="c">29 cm.</subfield>
  </datafield>
  <datafield tag="500" ind1=" " ind2=" ">
    <subfield code="a">Index : p. 197-204.</subfield>
  </datafield>
  <datafield tag="504" ind1=" " ind2=" ">
    <subfield code="a">Includes bibliographical references.</subfield>
  </datafield>
  <datafield tag="505" ind1="0" ind2=" ">
    <subfield code="a">Sensory mechanisms of orofacial pain -- Pathophysiology of masticatory myofascial pain -- Pathophysiology of intracapsular inflammation and degeneration -- Comorbid conditions : how they affect orofacial pain -- How sleep and pain affect each other -- Genetic determinants of complex orofacial pain conditions -- Quantitative sensory testing of pain responsiveness -- Predicting treatment responsiveness : somatic and psychologic factors -- Biomechanics and mechanobiology of the TMJ -- Finite element analysis of the TMJ -- TMJ lubrication -- Imaging the TMJ and associated structures -- Brain imaging of pain phenomena -- Synovial fluid assay and biomarkers of TMJ disease -- Tissue engineering for the TMJ -- Injectable compounds to treat TMJ pain and degenerative joint disease -- Pharmacologic management of TMD pain.</subfield>
  </datafield>
  <datafield tag="650" ind1=" " ind2="7">
    <subfield code="a">Temporomandibular joint</subfield>
    <subfield code="x">Diseases</subfield>
    <subfield code="x">Treatment.</subfield>
    <subfield code="2">BUEsh</subfield>
    <subfield code="9">37680</subfield>
  </datafield>
  <datafield tag="651" ind1=" " ind2=" ">
    <subfield code="2">BUEsh</subfield>
  </datafield>
  <datafield tag="653" ind1=" " ind2=" ">
    <subfield code="b">DDent</subfield>
    <subfield code="c">September2016</subfield>
  </datafield>
  <datafield tag="700" ind1="1" ind2=" ">
    <subfield code="a">Greene, Charles S.</subfield>
    <subfield code="c">(Orthodontist),</subfield>
    <subfield code="e">editor.</subfield>
  </datafield>
  <datafield tag="700" ind1="1" ind2=" ">
    <subfield code="a">Laskin, Daniel M.,</subfield>
    <subfield code="d">1924-</subfield>
    <subfield code="e">editor.</subfield>
  </datafield>
  <datafield tag="942" ind1=" " ind2=" ">
    <subfield code="2">ddc</subfield>
  </datafield>
  <datafield tag="999" ind1=" " ind2=" ">
    <subfield code="c">22353</subfield>
    <subfield code="d">22325</subfield>
  </datafield>
  <datafield tag="952" ind1=" " ind2=" ">
    <subfield code="0">0</subfield>
    <subfield code="1">0</subfield>
    <subfield code="2">ddc</subfield>
    <subfield code="4">0</subfield>
    <subfield code="7">0</subfield>
    <subfield code="8">Scien. H.</subfield>
    <subfield code="a">MAIN</subfield>
    <subfield code="b">MAIN</subfield>
    <subfield code="c">1ST</subfield>
    <subfield code="d">2016-09-08</subfield>
    <subfield code="e">Purchase</subfield>
    <subfield code="g">1050.00</subfield>
    <subfield code="h">2689</subfield>
    <subfield code="l">2</subfield>
    <subfield code="m">2</subfield>
    <subfield code="o">617.522 TRE</subfield>
    <subfield code="p">000033610</subfield>
    <subfield code="r">2025-07-15 00:00:00</subfield>
    <subfield code="s">2018-10-08</subfield>
    <subfield code="v">1313.00</subfield>
    <subfield code="y">BB</subfield>
  </datafield>
</record>
